Most Popular Songs in USA 2/22/2025 - Statistics

General Stats
  • This quiz has been taken 28 times
  • The average score is 10 of 15
Answer Stats
Rank Artist (Verison) Answer Streams Radio Airplay Sales % Correct
7. Rose, Bruno Mars APT. 18.6 Million 48.9 Million 5.5 Thousand
88%
1. Kendrick Lamar Not Like Us 49.3 Million 20.3 Million 35 Thousand
88%
4. Lady GaGa, Bruno Mars Die With A Smile 28.3 Million 59.2 Million 6 Thousand
84%
11. Benson Boone Beautiful Things 17.7 Million 40.3 Million 7 Thousand
80%
6. Billie Eilish Birds Of A Feather 20.5 Million 48.5 Million 4 Thousand
80%
8. Shaboozey A Bar Song (Tipsy) 16.9 Million 57.9 Million 4.5 Thousand
76%
12. Teddy Swims Lose Control 18.3 Million 40.7 Million 3.5 Thousand
76%
13. Lady GaGa Abracadabra 21.1 Million 5.6 Million 9 Thousand
72%
2. Kendrick Lamar, SZA Luther 42.7 Million 42.9 Million 7.5 Thousand
72%
9. Chappell Roan Pink Pony Club 20.3 Million 20.8 Million 10 Thousand
64%
3. Kendrick Lamar, Lefty Gunplay TV Off 35.9 Million 23.8 Million 7 Thousand
64%
15. Gracie Abrams That's So True 14.9 Million 36.7 Million 2 Thousand
60%
14. Kendrick Lamar, SZA All The Stars 21.9 Million 0.7 Million 4 Thousand
56%
5. Kendrick Lamar Squabble Up 27.9 Million 21.9 Million 7.5 Thousand
44%
10. SZA, Kendrick Lamar 30 For 30 21.3 Million 16.6 Million 1 Thousand
36%
No matching quizzes found
Score Distribution
Percent of People with Each Score
Percentile by Number Answered
Your Score History
You have not taken this quiz